[Event "GRE-ch U18"]
[Site "Kavala"]
[Date "2022.04.27"]
[Round "2"]
[White "Nasos, Valerios"]
[Black "Krallis, Christos"]
[Result "0-1"]
[WhiteElo "1746"]
[BlackElo "2398"]
[PlyCount "59"]
[EventDate "2022.04.26"]
[EventType "swiss"]
[EventRounds "9"]
[EventCountry "GRE"]
[SourceTitle "CBM 208 Extra"]
[Source "ChessBase"]
[SourceDate "2022.07.31"]
[SourceVersion "1"]
[SourceVersionDate "2022.07.31"]
[SourceQuality "1"]

1. e4 c5 2. Nf3 Nc6 3. Bb5 g6 4. Bxc6 dxc6 5. d3 Bg7 6. h3 e5 7. 0-0 Ne7 8. a3 0-0 9. b4 cxb4 10. axb4 h6 11. Bb2 Qc7 12. Nbd2 g5 13. Nc4 Ng6 14. Ne3 Nf4 15. Ra5 f6 16. d4 b6 17. Ra1 Rd8 18. Qe1 exd4 19. Bxd4 Be6 20. Bc3 c5 21. bxc5 Qxc5 22. Bb4 Qc6 23. Rd1 Qxe4 24. Ng4 Qxc2 25. Rxd8+ Rxd8 26. Be7 Ne2+ 27. Kh1 Re8 28. Nxf6+ Bxf6 29. Bxf6 Bxh3 30. Qa1 0-1

[Event "GRE-chT2 48th"]
[Site "Thessaloniki"]
[Date "2021.10.08"]
[Round "5.3"]
[White "Nasos, Valerios"]
[Black "Kalogridis, Antonios"]
[Result "0-1"]
[WhiteElo "1736"]
[BlackElo "2275"]
[PlyCount "66"]
[EventDate "2021.10.05"]
[EventType "team-swiss"]
[EventRounds "7"]
[EventCountry "GRE"]
[SourceTitle "CBM 204 Extra"]
[Source "ChessBase"]
[SourceDate "2021.11.30"]
[SourceVersion "1"]
[SourceVersionDate "2021.11.30"]
[SourceQuality "1"]
[WhiteTeam "Alexandroupolis Ethnikos"]
[BlackTeam "Thessaloniki Aris"]
[WhiteTeamCountry "GRE"]
[BlackTeamCountry "GRE"]

1. e4 c6 2. d4 d5 3. Nd2 dxe4 4. Nxe4 Nf6 5. Nxf6+ exf6 6. c3 Bd6 7. Bd3 0-0 8. Qc2 Re8+ 9. Ne2 h5 10. 0-0 h4 11. h3 Nd7 12. Bd2 Nf8 13. Rae1 Bc7 14. f4 g6 15. c4 f5 16. b4 Ne6 17. Bc3 Ng7 18. Bb2 Nh5 19. d5 cxd5 20. Qc3 Kh7 21. c5 d4 22. Nxd4 Bxf4 23. Rxe8 Qxe8 24. Rxf4 Nxf4 25. Nxf5 Nh5 26. Bb5 Bd7 27. Ng7 Qh8 28. Bxd7 Qxg7 29. Qd2 f6 30. b5 Qe7 31. c6 bxc6 32. bxc6 Ng3 33. Qf2 Rb8 0-1

[Event "GRE-ch U16"]
[Site "Patras"]
[Date "2021.07.07"]
[Round "6"]
[White "Stefanou, Dimitrios"]
[Black "Nasos, Valerios"]
[Result "1-0"]
[WhiteElo "2099"]
[BlackElo "1738"]
[PlyCount "87"]
[EventDate "2021.07.02"]
[EventType "swiss"]
[EventRounds "7"]
[EventCountry "GRE"]
[SourceTitle "EXT 2023"]
[Source "ChessBase"]
[SourceDate "2022.10.05"]
[SourceVersion "1"]
[SourceVersionDate "2022.10.05"]
[SourceQuality "1"]

1. c4 e6 2. Nc3 Bb4 3. Nf3 Nf6 4. Qc2 Nc6 5. a3 Bxc3 6. Qxc3 d6 7. g3 e5 8. Bg2 a5 9. 0-0 0-0 10. d3 a4 11. h3 h6 12. e4 Na5 13. Be3 Nb3 14. Rad1 c5 15. Nh2 Nd4 16. Qd2 Qa5 17. f4 Qxd2 18. Rxd2 Ne8 19. Nf3 f6 20. Rdf2 Nxf3+ 21. Rxf3 Ra5 22. Bd2 Ra7 23. Bc3 exf4 24. gxf4 Be6 25. e5 dxe5 26. fxe5 f5 27. Rb1 Nc7 28. Bf1 Ra6 29. d4 cxd4 30. Bb4 Rf7 31. Rd1 f4 32. Rxd4 g5 33. Rf2 Kg7 34. Rd6 h5 35. Bd2 Rxd6 36. exd6 Na6 37. h4 Nc5 38. Bc3+ Kg6 39. hxg5 Kxg5 40. Re2 Kg4 41. Kh2 Kf3 42. Re5 Rf5 43. Bg2+ Kg4 44. Bh3+ 1-0

[Event "GRE-chT Online Rapid op 1st"]
[Site "Tornelo INT"]
[Date "2021.02.21"]
[Round "5.24"]
[White "Nasos, Valerios"]
[Black "Papageorgiou, Vasiliki"]
[Result "1-0"]
[WhiteElo "1738"]
[BlackElo "1126"]
[PlyCount "87"]
[EventDate "2021.02.20"]
[EventType "team-swiss (rapid)"]
[EventRounds "9"]
[EventCountry "GRE"]
[SourceTitle "EXT 2023"]
[Source "ChessBase"]
[SourceDate "2022.10.05"]
[SourceVersion "1"]
[SourceVersionDate "2022.10.05"]
[SourceQuality "1"]

1. e4 c5 2. Nf3 Nc6 3. g3 e5 4. Bg2 d6 5. 0-0 f5 6. d3 Nf6 7. Nc3 Be6 8. Bg5 Be7 9. Bxf6 Bxf6 10. Nd5 0-0 11. Nd2 Bxd5 12. exd5 Ne7 13. a4 Ng6 14. c3 f4 15. Bh3 Bg5 16. Be6+ Kh8 17. Ne4 f3 18. Bg4 Bh6 19. Bxf3 Ne7 20. c4 Qc7 21. Bg4 Ng8 22. Be6 Nf6 23. Nc3 a6 24. Qe2 g6 25. Kg2 Nh5 26. a5 Ng7 27. Bg4 Rf7 28. Ne4 Raf8 29. Rfb1 Nf5 30. Bxf5 Rxf5 31. b4 Kg7 32. bxc5 dxc5 33. Rb6 Bg5 34. Rab1 Rb8 35. Qb2 Rf7 36. d6 Qd8 37. Qxe5+ Bf6 38. Nxf6 Rxf6 39. Rxb7+ Rxb7 40. Rxb7+ Kh6 41. d7 Rf7 42. Qe8 Qf6 43. Qe3+ Kg7 44. f4 1-0

[Event "GRE-chT U16"]
[Site "Thessaloniki"]
[Date "2019.11.28"]
[Round "1.2"]
[White "Nasos, Valerios"]
[Black "Papidakis, Georgios"]
[Result "1/2-1/2"]
[WhiteElo "1803"]
[BlackElo "1904"]
[PlyCount "91"]
[EventDate "2019.11.28"]
[EventType "team-swiss"]
[EventRounds "6"]
[EventCountry "GRE"]
[SourceTitle "CBM 193 Extra"]
[Source "ChessBase"]
[SourceDate "2020.01.31"]
[SourceVersion "1"]
[SourceVersionDate "2020.01.31"]
[SourceQuality "1"]
[WhiteTeam "Alexandroupolis Ethnikos"]
[BlackTeam "OFI"]
[WhiteTeamCountry "GRE"]
[BlackTeamCountry "GRE"]

1. e4 e5 2. Nf3 Nc6 3. Bb5 a6 4. Ba4 d6 5. c3 Bd7 6. h3 g6 7. 0-0 Bg7 8. d4 Nge7 9. Be3 0-0 10. Nbd2 h6 11. Re1 Kh7 12. Nf1 f5 13. dxe5 Nxe5 14. Nxe5 Bxe5 15. Bxd7 Qxd7 16. Bd4 Bxd4 17. cxd4 f4 18. Nh2 Nc6 19. Rc1 Rae8 20. a3 Qg7 21. Nf3 Re7 22. Qd3 Kh8 23. Rc2 g5 24. Rd2 g4 25. Nh4 Qg5 26. g3 gxh3 27. Kh2 Rg8 28. Nf5 Rf7 29. Rg1 Ne7 30. g4 h5 31. Nxe7 Rxe7 32. f3 Qh4 33. Qe2 hxg4 34. fxg4 Reg7 35. Qf2 Rxg4 36. Rxg4 Qxg4 37. e5 dxe5 38. dxe5 f3 39. Qe3 Qh5 40. e6 Rg2+ 41. Kh1 Rxd2 42. Qxd2 Qe5 43. Qh6+ Kg8 44. Qg6+ Kh8 45. Qh6+ Kg8 46. Qg6+ 1/2-1/2

[Event "GRE-chT 45th"]
[Site "Achaia"]
[Date "2017.07.06"]
[Round "5.9"]
[White "Nasos, Valerios"]
[Black "Rousis, Chrysostomos"]
[Result "1-0"]
[WhiteElo "1433"]
[BlackElo "1615"]
[PlyCount "63"]
[EventDate "2017.07.03"]
[EventType "team-swiss"]
[EventRounds "7"]
[EventCountry "GRE"]
[SourceTitle "CBM 179 Extra"]
[Source "ChessBase"]
[SourceDate "2017.08.23"]
[SourceVersion "1"]
[SourceVersionDate "2017.08.23"]
[SourceQuality "1"]
[WhiteTeam "Alexandroupolis Ethnikos"]
[BlackTeam "Papagou BC"]
[WhiteTeamCountry "GRE"]
[BlackTeamCountry "GRE"]

1. e4 c6 2. d4 d5 3. Nd2 dxe4 4. Nxe4 Bf5 5. Ng3 Bg6 6. h4 h6 7. Nf3 Nd7 8. h5 Bh7 9. Bd3 Bxd3 10. Qxd3 e6 11. Bd2 Ngf6 12. 0-0-0 Be7 13. Ne4 Nxe4 14. Qxe4 Nf6 15. Qd3 0-0 16. Ne5 c5 17. dxc5 Bxc5 18. Bxh6 Qxd3 19. Nxd3 Bxf2 20. Bf4 Ng4 21. Rh3 f6 22. Rf1 Bb6 23. Rg3 f5 24. Ne5 Bd4 25. Ng6 Rf7 26. Bg5 Bf6 27. Bxf6 Rxf6 28. Rd3 Rf7 29. Rfd1 Nf2 30. Rd8+ Rxd8 31. Rxd8+ Kh7 32. Rh8# 1-0

[Event "GRE-ch U12"]
[Site "Achaia"]
[Date "2017.07.01"]
[Round "8"]
[White "Gavriil, Odysseas Panagiotis"]
[Black "Nasos, Valerios"]
[Result "1-0"]
[WhiteElo "1679"]
[BlackElo "1433"]
[PlyCount "75"]
[EventDate "2017.06.26"]
[EventType "swiss"]
[EventRounds "9"]
[EventCountry "GRE"]
[SourceTitle "EXT 2018"]
[Source "ChessBase"]
[SourceDate "2017.10.13"]
[SourceVersion "1"]
[SourceVersionDate "2017.10.13"]
[SourceQuality "1"]

1. e4 c5 2. Nf3 e6 3. d4 cxd4 4. Nxd4 Nc6 5. Nc3 Qc7 6. Be3 a6 7. Be2 Nf6 8. 0-0 Bb4 9. Nxc6 bxc6 10. Qd4 Bd6 11. Rad1 Bxh2+ 12. Kh1 Be5 13. Qa4 Bd6 14. f4 Be7 15. e5 Nd5 16. Nxd5 cxd5 17. Bd3 Bb7 18. Qd4 f5 19. Rc1 Rc8 20. c4 dxc4 21. Rxc4 Qd8 22. Qa7 Bc6 23. a4 Bh4 24. Kh2 0-0 25. Bf2 Be7 26. Qe3 Qa5 27. Be1 Qc7 28. b4 Qb7 29. Qh3 Bxa4 30. Rd4 Rc1 31. g4 Bc2 32. gxf5 exf5 33. Rg1 Bxd3 34. Qxd3 Qc6 35. Rxd7 Qh6+ 36. Qh3 Qxh3+ 37. Kxh3 Bxb4 38. Rgxg7+ 1-0

[Event "GRE-ch U12"]
[Site "Achaia"]
[Date "2017.06.28"]
[Round "4"]
[White "Tzagarakis, Panagiotis"]
[Black "Nasos, Valerios"]
[Result "1-0"]
[WhiteElo "1608"]
[BlackElo "1433"]
[PlyCount "65"]
[EventDate "2017.06.26"]
[EventType "swiss"]
[EventRounds "9"]
[EventCountry "GRE"]
[SourceTitle "EXT 2018"]
[Source "ChessBase"]
[SourceDate "2017.10.13"]
[SourceVersion "1"]
[SourceVersionDate "2017.10.13"]
[SourceQuality "1"]

1. e4 c5 2. Nf3 e6 3. d4 cxd4 4. Nxd4 Nc6 5. Nc3 Qc7 6. Be2 a6 7. 0-0 Nf6 8. Be3 Bb4 9. Nxc6 bxc6 10. f4 Bxc3 11. bxc3 Nxe4 12. Bf3 Nf6 13. Bc5 d5 14. Qd4 Rg8 15. Rae1 Nd7 16. Kh1 Qa5 17. Bb4 Qb6 18. Qd3 a5 19. Bd6 Ba6 20. Qf5 Nf8 21. Rg1 Qd8 22. Bxf8 Rxf8 23. Qxh7 g6 24. f5 gxf5 25. Rxe6+ Kd7 26. Rge1 Ra7 27. Rh6 Qg5 28. h4 Qd2 29. Qxf5+ Kc7 30. Qe5+ Kb6 31. Rb1+ Bb5 32. Qd6 Qxc2 33. Qxc6# 1-0

[Event "GRE-chT U16 9th"]
[Site "Thessaloniki"]
[Date "2016.12.17"]
[Round "5.3"]
[White "Nasos, Valerios"]
[Black "Kalamoukos, Grigorios"]
[Result "1-0"]
[WhiteElo "1459"]
[BlackElo "1331"]
[PlyCount "63"]
[EventDate "2016.12.15"]
[EventType "team-swiss"]
[EventRounds "6"]
[EventCountry "GRE"]
[SourceTitle "CBM 176 Extra"]
[Source "ChessBase"]
[SourceDate "2017.03.02"]
[SourceVersion "1"]
[SourceVersionDate "2017.03.02"]
[SourceQuality "1"]
[WhiteTeam "Alexandroupolis Ethnikos"]
[BlackTeam "Kavalas"]
[WhiteTeamCountry "GRE"]
[BlackTeamCountry "GRE"]

1. e4 c6 2. d4 d5 3. Nc3 dxe4 4. Nxe4 Bf5 5. Ng3 Bg6 6. h4 h6 7. Nf3 e6 8. Ne5 Bh7 9. Bd3 Bxd3 10. Qxd3 Bd6 11. f4 Nf6 12. Bd2 0-0 13. 0-0-0 Qe7 14. Ne4 Nxe4 15. Qxe4 Nd7 16. g4 Bxe5 17. dxe5 Nb6 18. h5 Nd5 19. g5 Kh8 20. gxh6 gxh6 21. Be1 f5 22. Qf3 Rg8 23. Bh4 Qb4 24. a3 Qc5 25. Qb3 Rg2 26. Kb1 Qb6 27. Qf3 Rg4 28. c4 Rxf4 29. Qd3 Nc7 30. Bf6+ Kg8 31. Rdg1+ Rg4 32. Rxg4+ 1-0

[Event "GRE-ch U12"]
[Site "Porto Rio"]
[Date "2016.07.01"]
[Round "5"]
[White "Goutis, Panagiotis"]
[Black "Nasos, Valerios"]
[Result "1/2-1/2"]
[WhiteElo "1521"]
[BlackElo "1246"]
[PlyCount "52"]
[EventDate "2016.06.28"]
[EventType "swiss"]
[EventRounds "9"]
[EventCountry "GRE"]
[SourceTitle "CBM 173 Extra"]
[Source "ChessBase"]
[SourceDate "2016.08.29"]
[SourceVersion "1"]
[SourceVersionDate "2016.08.29"]
[SourceQuality "1"]

1. d4 Nf6 2. c4 g6 3. Nc3 Bg7 4. e4 d6 5. Be2 0-0 6. Bg5 h6 7. Bh4 e5 8. dxe5 dxe5 9. Qxd8 Rxd8 10. Bxf6 Bxf6 11. Nd5 Nd7 12. Rd1 Rf8 13. Nxc7 Rb8 14. b4 Bd8 15. Nd5 a5 16. a3 Re8 17. Nf3 Kg7 18. 0-0 Nf8 19. h3 f5 20. exf5 gxf5 21. Rfe1 Ng6 22. Bd3 e4 23. Nd4 Ne5 24. Bf1 Bd7 25. Ne3 Kf6 26. Nd5+ Kg7 1/2-1/2

[Event "GRE-ch U12"]
[Site "Porto Rio"]
[Date "2016.07.01"]
[Round "6"]
[White "Nasos, Valerios"]
[Black "Koutsourakis, Ioannis"]
[Result "1-0"]
[WhiteElo "1246"]
[BlackElo "1338"]
[PlyCount "77"]
[EventDate "2016.06.28"]
[EventType "swiss"]
[EventRounds "9"]
[EventCountry "GRE"]
[SourceTitle "CBM 173 Extra"]
[Source "ChessBase"]
[SourceDate "2016.08.29"]
[SourceVersion "1"]
[SourceVersionDate "2016.08.29"]
[SourceQuality "1"]

1. e4 e5 2. Nf3 Nc6 3. Bb5 a6 4. Ba4 Nf6 5. d3 d6 6. c3 g6 7. 0-0 Bg7 8. Nbd2 0-0 9. Re1 b5 10. Bc2 Re8 11. Nf1 h6 12. Ng3 Bb7 13. d4 Qd7 14. h3 Rad8 15. a4 Ra8 16. Qd3 exd4 17. Nxd4 Ne5 18. Qf1 c5 19. Nde2 Qe7 20. Kh1 Ned7 21. Ng1 Bc6 22. Bd2 Nb6 23. b3 Qb7 24. Qe2 Re6 25. a5 Nbd7 26. f3 Rae8 27. Qf2 b4 28. c4 Nxe4 29. fxe4 Bxa1 30. Rxa1 h5 31. Rf1 Nf6 32. Re1 Nxe4 33. Nxe4 Bxe4 34. Bxe4 Rxe4 35. Rxe4 Qxe4 36. Bh6 Kh7 37. Bf4 Qe7 38. Qd2 Rd8 39. Nf3 1-0